Ochrana osobných údajov v pracovnoprávnych vzťahoch /

Guardado en:
Detalles Bibliográficos
Autores principales: Švec, Marek (Autor), Valentová, Tatiana (Autor)
Formato: Libro
Lenguaje:eslovaco
Publicado: Bratislava Wolters Kluwer 2016
Edición:1. vyd.
Materias:
Etiquetas: Agregar Etiqueta
Sin Etiquetas, Sea el primero en etiquetar este registro!

MARC

LEADER 00000nam a22000003a 4500
001 0022501
003 SK-STU
005 20170307080144.3
007 ta
008 170307s ----xo-----e------000-0-----d
020 |a 978-80-8168-493-7 
040 |a STU  |b slo 
041 0 |a slo 
044 |a xo 
100 1 |a Švec, Marek  |4 aut 
245 1 0 |a Ochrana osobných údajov v pracovnoprávnych vzťahoch /  |c aut. Marek Švec, Tatiana Valentová 
250 |a 1. vyd. 
260 |a Bratislava  |b Wolters Kluwer  |c 2016 
300 |a 175 s. 
650 0 7 |a osobné údaje 
650 0 7 |a pracovnoprávne vzťahy 
650 0 7 |a personalistika 
700 1 |a Valentová, Tatiana  |4 aut 
996 |b 284M087159  |c M* 13905-2  |l MMST  |s A  |a 24  |w 0022501_0001 
996 |b 284M087158  |c M* 13905-1  |l MMKN  |s A  |a 24  |w 0022501_0002